[Event "Northumbria Masters"]
[Site "Newcastle upon Tyne, ENG"]
[Date "2019.08.27"]
[Round "9.4"]
[White "Siddharth, Jagadeesh"]
[Black "Tan, Justin"]
[Result "0-1"]
[WhiteElo "2382"]
[BlackElo "2503"]
[PlyCount "162"]
[EventDate "2019.08.23"]
[EventRounds "9"]
[EventCountry "ENG"]
[SourceTitle "BritBase"]
[Source "John Saunders"]
[SourceDate "2021.08.31"]
[SourceVersion "1"]
[SourceVersionDate "2021.08.31"]
[SourceQuality "1"]

1. d4 d5 2. c4 e6 3. Nf3 a6 4. g3 dxc4 5. Bg2 b5 6. a4 Bb7 7. O-O Nd7 8. b3
cxb3 9. Qxb3 b4 10. a5 Ngf6 11. Nbd2 Be7 12. Nc4 O-O 13. Bd2 Rb8 14. Rfd1 Ne4
15. Be1 c5 16. Qe3 Qc7 17. Rac1 Rfd8 18. Nce5 Qxa5 19. Nxd7 Rxd7 20. Ne5 cxd4
21. Rxd4 Rxd4 22. Qxd4 Rd8 23. Qa7 Qd5 24. Nc6 Bxc6 25. Qxe7 Re8 26. Qxb4 f5
27. Bxe4 fxe4 28. Qc5 Bb5 29. Qxd5 exd5 30. e3 Bd3 31. Kg2 Rb8 32. g4 Bc4 33.
Kg3 Kf7 34. Bc3 g6 35. Ra1 Ke6 36. f3 Rf8 37. fxe4 dxe4 38. Bd4 g5 39. Kg2 Kd5
40. Rd1 Ke6 41. Ra1 Rf7 42. Kg3 Bf1 43. h4 Rf3+ 44. Kh2 gxh4 45. Rc1 Rh3+ 46.
Kg1 Bb5 47. Rc7 Rg3+ 48. Kh2 Rxg4 49. Rxh7 Bf1 50. Rh6+ Kd5 51. Rf6 Bb5 52. Kh3
Bd7 53. Kh2 Be6 54. Rh6 Kd6 55. Rh8 Kc6 56. Rh6 Kd5 57. Rh8 Kc4 58. Ra8 h3 59.
Rxa6 Rg2+ 60. Kh1 Bg4 61. Rc6+ Kd3 62. Rc3+ Kd2 63. Ra3 Bf3 64. Ra2+ Ke1 65.
Ra1+ Kf2 66. Ra2+ Be2 67. Bc5 Kf3 68. Ra8 Rg6 69. Kh2 Bf1 70. Ra2 Re6 71. Ra8
Bg2 72. Rb8 Ra6 73. Bd4 Ra2 74. Rf8+ Ke2 75. Rb8 Rd2 76. Rb1 Kf3 77. Kg1 Rxd4
78. exd4 Kg3 79. Rb3+ Bf3 80. d5 h2+ 81. Kf1 h1=Q# 0-1

[Event "Northumbria Masters"]
[Site "Newcastle upon Tyne, ENG"]
[Date "2019.08.27"]
[Round "9.5"]
[White "Maksimenko, Andrei"]
[Black "Han, Yichen"]
[Result "1-0"]
[WhiteElo "2468"]
[BlackElo "2205"]
[PlyCount "141"]
[EventDate "2019.08.23"]
[EventRounds "9"]
[EventCountry "ENG"]
[SourceTitle "BritBase"]
[Source "John Saunders"]
[SourceDate "2021.08.31"]
[SourceVersion "1"]
[SourceVersionDate "2021.08.31"]
[SourceQuality "1"]

1. d4 d5 2. c4 c6 3. Nc3 Nf6 4. Nf3 e6 5. Qb3 dxc4 6. Qxc4 b5 7. Qd3 Bb7 8. e4
b4 9. Na4 Nbd7 10. e5 Nd5 11. Ng5 Be7 12. Ne4 N5b6 13. Nxb6 Nxb6 14. Be2 Qc7
15. Bf4 Nd5 16. Bg3 O-O-O 17. O-O Qb6 18. a3 Kb8 19. Rfc1 Nc7 20. Nd6 Bxd6 21.
exd6 Nd5 22. Bf3 Ka8 23. Bxd5 exd5 24. axb4 Qxb4 25. Rc3 Rhe8 26. f3 Rd7 27.
Qxh7 Qxb2 28. Rca3 Bc8 29. Qxg7 c5 30. Qg5 Qxd4+ 31. Bf2 Qe5 32. Qxe5 Rxe5 33.
Bxc5 a6 34. Kf2 d4 35. Bxd4 Rd5 36. Be3 R7xd6 37. h4 f5 38. h5 f4 39. Bxf4 Rf6
40. Ke3 Re6+ 41. Kf2 Rxh5 42. Ra5 Rh7 43. Rc5 Bb7 44. Rc7 Rh8 45. Rb1 Bc6 46.
Rb6 Bd5 47. Rxe6 Bxe6 48. Be3 Kb8 49. Rc6 Bc8 50. g4 Rf8 51. Rc4 Be6 52. Rb4+
Kc7 53. Kg3 Ra8 54. Bb6+ Kd6 55. Ba5 Ke7 56. Rb7+ Kf8 57. f4 Bf7 58. f5 Kg8 59.
Kf4 Rc8 60. Kg5 Bd5 61. Rd7 Bf3 62. Rd3 Be2 63. Rd2 Bf3 64. Kf4 Bb7 65. Rd4 Re8
66. g5 Bc6 67. g6 Kg7 68. Kg5 Be4 69. f6+ Kh8 70. f7 Re5+ 71. Kf4 1-0

[Event "Northumbria Masters"]
[Site "Newcastle upon Tyne, ENG"]
[Date "2019.08.27"]
[Round "9.6"]
[White "Fitzsimons, David"]
[Black "Adair, James R"]
[Result "1-0"]
[WhiteElo "2317"]
[BlackElo "2473"]
[PlyCount "123"]
[EventDate "2019.08.23"]
[EventRounds "9"]
[EventCountry "ENG"]
[SourceTitle "BritBase"]
[Source "John Saunders"]
[SourceDate "2021.08.31"]
[SourceVersion "1"]
[SourceVersionDate "2021.08.31"]
[SourceQuality "1"]

1. e4 c5 2. Nf3 d6 3. Bb5+ Nd7 4. d4 cxd4 5. Qxd4 a6 6. Bxd7+ Bxd7 7. c4 Nf6 8.
Nc3 g6 9. Bg5 Bg7 10. O-O h6 11. Be3 O-O 12. Qd2 Rc8 13. b3 Kh7 14. Rfd1 Bg4
15. Rac1 Qa5 16. a4 Qb4 17. Qc2 Bd7 18. Ne1 Qa5 19. Nd3 b5 20. b4 Qc7 21. c5
bxa4 22. f3 Bb5 23. Nxa4 Nd7 24. Nc3 Bxd3 25. Qxd3 Qb7 26. Nd5 a5 27. Nxe7 Ne5
28. Qxd6 Rcd8 29. c6 Qa6 30. Qxd8 Rxd8 31. Rxd8 Qe2 32. Bf2 Nxc6 33. Nxc6 a4
34. e5 a3 35. Bd4 h5 36. Ra1 Qc4 37. Bc5 Qc3 38. Rdd1 Bh6 39. Kh1 h4 40. h3 Bf4
41. Ra2 Bc1 42. Rf2 Bf4 43. Re2 Qc4 44. Re4 Qc2 45. Rf1 g5 46. Nd4 Qd3 47. Ne2
a2 48. Bd4 Qb1 49. Rg1 Bd2 50. Ba1 Bxb4 51. Nc3 Qb3 52. Nxa2 Bc5 53. Nc1 Qc2
54. Bd4 Ba3 55. Ne2 Qd3 56. Re3 Qd2 57. Rxa3 Qxe2 58. Re3 Qd2 59. Re4 Qd3 60.
Rc1 Qd2 61. Rc7 Qa2 62. e6 1-0

[Event "Northumbria Masters"]
[Site "Newcastle upon Tyne, ENG"]
[Date "2019.08.27"]
[Round "9.7"]
[White "French, Max"]
[Black "Mosnegutu, Klauss"]
[Result "1-0"]
[WhiteElo "2172"]
[BlackElo "2230"]
[PlyCount "57"]
[EventDate "2019.08.23"]
[EventRounds "9"]
[EventCountry "ENG"]
[SourceTitle "BritBase"]
[Source "John Saunders"]
[SourceDate "2021.08.31"]
[SourceVersion "1"]
[SourceVersionDate "2021.08.31"]
[SourceQuality "1"]

1. d4 Nf6 2. c4 e6 3. Nc3 Bb4 4. e3 Ne4 5. Bd2 Bxc3 6. Bxc3 O-O 7. Bd3 f5 8.
Qc2 Nxc3 9. bxc3 Qg5 10. f4 Qh4+ 11. g3 Qf6 12. O-O-O b6 13. h3 Nc6 14. g4 Ba6
15. Nf3 d6 16. gxf5 exf5 17. Rhg1 Kh8 18. Rg5 g6 19. h4 Qe6 20. Qe2 Rae8 21.
Re1 Na5 22. d5 Qd7 23. h5 gxh5 24. Nd4 Qa4 25. Qxh5 Re7 26. Rxf5 Qa3+ 27. Kb1
Rg8 28. Rf7 Rg7 29. Rxg7 1-0

[Event "Northumbria Masters"]
[Site "Newcastle upon Tyne, ENG"]
[Date "2019.08.27"]
[Round "9.8"]
[White "Welling, Gerard"]
[Black "Stoyanov, Viktor"]
[Result "1/2-1/2"]
[WhiteElo "2307"]
[BlackElo "2207"]
[PlyCount "93"]
[EventDate "2019.08.23"]
[EventRounds "9"]
[EventCountry "ENG"]
[SourceTitle "BritBase"]
[Source "John Saunders"]
[SourceDate "2021.08.31"]
[SourceVersion "1"]
[SourceVersionDate "2021.08.31"]
[SourceQuality "1"]

1. e4 c6 2. d4 d5 3. e5 c5 4. Ne2 Nc6 5. c3 e6 6. Nd2 Nge7 7. Nf3 cxd4 8. cxd4
Nf5 9. g3 Bb4+ 10. Bd2 Qb6 11. Bh3 Nfe7 12. O-O Bxd2 13. Qxd2 Ng6 14. Bg2 Bd7
15. h4 h6 16. Rab1 Rc8 17. b4 Nb8 18. b5 Rc4 19. Rfc1 Rxc1+ 20. Qxc1 O-O 21. h5
Ne7 22. a4 Rc8 23. Qa3 Qd8 24. Rc1 Rxc1+ 25. Qxc1 a6 26. Nc3 Nc8 27. Bf1 Qc7
28. Bd3 axb5 29. axb5 Qa5 30. g4 Qd8 31. Bb1 Kf8 32. Qc2 Ke7 33. Kg2 Nb6 34. g5
hxg5 35. Nxg5 Qh8 36. Nh7 f5 37. exf6+ gxf6 38. Qg6 Be8 39. Qh6 N8d7 40. Ne2
Qg8+ 41. Bg6 Nc4 42. Ng3 Nd6 43. Bd3 Nf7 44. Qc1 Nd6 45. Qh6 Nf7 46. Qc1 Nd6
47. Qh6 1/2-1/2

[Event "Northumbria Masters"]
[Site "Newcastle upon Tyne, ENG"]
[Date "2019.08.27"]
[Round "9.9"]
[White "Raetsky, Alexander"]
[Black "Ratnesan, Ranesh"]
[Result "0-1"]
[WhiteElo "2404"]
[BlackElo "2098"]
[PlyCount "76"]
[EventDate "2019.08.23"]
[EventRounds "9"]
[EventCountry "ENG"]
[SourceTitle "BritBase"]
[Source "John Saunders"]
[SourceDate "2021.08.31"]
[SourceVersion "1"]
[SourceVersionDate "2021.08.31"]
[SourceQuality "1"]

1. d4 d5 2. c4 c6 3. Nf3 Nf6 4. Qc2 g6 5. Bf4 Bg7 6. e3 O-O 7. Nc3 Na6 8. a3 c5
9. Rd1 cxd4 10. Nxd4 Ne4 11. Nxd5 Nxf2 12. Qxf2 e5 13. Be2 Qa5+ 14. b4 Qa4 15.
Bg5 exd4 16. Nf6+ Bxf6 17. Bxf6 Qxa3 18. Rxd4 Qxb4+ 19. Rd2 Nc5 20. Qf4 Bf5 21.
Qh6 Ne6 22. e4 Qb1+ 23. Kf2 Qxe4 24. Bd3 Qf4+ 25. Qxf4 Nxf4 26. Bxf5 gxf5 27.
Rd7 b6 28. Ra1 Rac8 29. Raxa7 Rxc4 30. Kf3 Ne6 31. Rd5 Rf4+ 32. Ke3 h6 33. g3
Rf1 34. Ke2 Rc1 35. Rxf5 Rc2+ 36. Kf3 Rxh2 37. Rb7 Kh7 38. Be5 Ng5+ {(time)}
0-1

[Event "Northumbria Masters"]
[Site "Newcastle upon Tyne, ENG"]
[Date "2019.08.27"]
[Round "9.10"]
[White "Munshi, Aditya"]
[Black "Dong, Bao Nghia"]
[Result "0-1"]
[WhiteElo "2091"]
[BlackElo "2217"]
[PlyCount "80"]
[EventDate "2019.08.23"]
[EventRounds "9"]
[EventCountry "ENG"]
[SourceTitle "BritBase"]
[Source "John Saunders"]
[SourceDate "2021.08.31"]
[SourceVersion "1"]
[SourceVersionDate "2021.08.31"]
[SourceQuality "1"]

1. e4 e6 2. d4 d5 3. Nd2 Nf6 4. e5 Nfd7 5. Bd3 c5 6. c3 Nc6 7. Ne2 f6 8. exf6
Nxf6 9. Nf3 Bd6 10. O-O O-O 11. Bf4 Ng4 12. Bxd6 Qxd6 13. Ng3 e5 14. dxe5 Ngxe5
15. Nxe5 Nxe5 16. Be4 Be6 17. Bc2 Rae8 18. Qh5 g6 19. Qh4 Qb6 20. Rae1 Qxb2 21.
Ba4 Bd7 22. Bxd7 Nxd7 23. Rxe8 Rxe8 24. Qg5 Qxa2 25. Nf5 d4 26. Nd6 Re5 27.
Qd8+ Nf8 28. c4 Qe2 29. Qc7 Re7 30. Qxc5 d3 31. Qd5+ Ne6 32. Ne4 Kf8 33. Qe5
Ng7 34. Qf6+ Ke8 35. f3 d2 36. Qd4 Nf5 37. Qh8+ Kd7 38. Nc5+ Kc7 39. Qa1 Qe3+
40. Kh1 Qxc5 0-1

[Event "Northumbria Masters"]
[Site "Newcastle upon Tyne, ENG"]
[Date "2019.08.27"]
[Round "9.11"]
[White "Burrows, Martin P"]
[Black "Abdulla, Murad"]
[Result "1/2-1/2"]
[WhiteElo "2121"]
[BlackElo "2265"]
[PlyCount "127"]
[EventDate "2019.08.23"]
[EventRounds "9"]
[EventCountry "ENG"]
[SourceTitle "BritBase"]
[Source "John Saunders"]
[SourceDate "2021.08.31"]
[SourceVersion "1"]
[SourceVersionDate "2021.08.31"]
[SourceQuality "1"]

1. e4 c5 2. Nf3 d6 3. d4 cxd4 4. Nxd4 Nf6 5. Nc3 g6 6. Be3 Bg7 7. f3 Nc6 8. Qd2
O-O 9. O-O-O d5 10. Qe1 e5 11. Nxc6 bxc6 12. exd5 Nxd5 13. Bc4 Be6 14. Kb1 f5
15. Qd2 Qc7 16. Nxd5 cxd5 17. Bxd5 Bxd5 18. Qxd5+ Kh8 19. Qd7 Qc4 20. Rd2 f4
21. Bf2 a5 22. Qd5 Qa6 23. Rhd1 Rab8 24. Bc5 Rfc8 25. Ba3 a4 26. Qe4 Qb6 27. b3
axb3 28. axb3 Ra8 29. Bb2 Qa5 30. Rd7 Qc5 31. Rxg7 Kxg7 32. Qxe5+ Qxe5 33.
Bxe5+ Kf7 34. Bxf4 Rd8 35. Rxd8 Rxd8 36. Kc1 Ke6 37. c4 Rd4 38. Bd2 Kd7 39. Kc2
Kc6 40. Be3 Rd8 41. b4 Ra8 42. b5+ Kb7 43. Kb3 Ra1 44. c5 Re1 45. c6+ Kc7 46.
Bf4+ Kb6 47. c7 Kb7 48. h4 Re2 49. g3 Rf2 50. Kc4 Rxf3 51. Kd5 Rb3 52. Kc5 Rc3+
53. Kd5 Rb3 54. Kc4 Rb2 55. Be5 Rb1 56. Kc5 h5 57. b6 Rc1+ 58. Kd6 Kxb6 59. Ke7
Kb7 60. Kf7 Rc6 61. Bf6 Kxc7 62. Kxg6 Kd7 63. Kf5 Rc4 64. Kg6 1/2-1/2

[Event "Northumbria Masters"]
[Site "Newcastle upon Tyne, ENG"]
[Date "2019.08.27"]
[Round "9.12"]
[White "Storey, Charles H"]
[Black "Lam, Paul G M"]
[Result "1-0"]
[WhiteElo "2261"]
[BlackElo "2118"]
[PlyCount "89"]
[EventDate "2019.08.23"]
[EventRounds "9"]
[EventCountry "ENG"]
[SourceTitle "BritBase"]
[Source "John Saunders"]
[SourceDate "2021.08.31"]
[SourceVersion "1"]
[SourceVersionDate "2021.08.31"]
[SourceQuality "1"]

1. g3 e5 2. Bg2 Nf6 3. c4 Bc5 4. Nc3 O-O 5. e3 d6 6. Nge2 c6 7. d4 Bb6 8. O-O
Bg4 9. f3 Bc8 10. a3 Ba5 11. b4 Bc7 12. e4 a5 13. Rb1 axb4 14. axb4 Nbd7 15. d5
Qe7 16. Be3 cxd5 17. cxd5 Bb6 18. Qd3 Ne8 19. Nb5 Bxe3+ 20. Qxe3 f5 21. exf5
Ndf6 22. Qd3 Qf7 23. Nec3 Bd7 24. Rfd1 Nh5 25. Bh3 Qe7 26. Ra1 Rxa1 27. Rxa1
Qg5 28. Bg4 Nhf6 29. h4 Qh6 30. Qe2 Nh5 31. Kg2 Bxf5 32. Ra8 g6 33. Rd8 Nhf6
34. Bxf5 gxf5 35. Nxd6 Nxd6 36. Rxd6 Qc1 37. Nd1 e4 38. Nf2 Qc7 39. Re6 Qd7 40.
fxe4 fxe4 41. Re5 h6 42. Qd1 Qd6 43. Qd4 Rd8 44. Nxe4 Ng4 45. Nxd6 1-0

[Event "Northumbria Masters"]
[Site "Newcastle upon Tyne, ENG"]
[Date "2019.08.27"]
[Round "9.13"]
[White "Shaw, Peter"]
[Black "Van Den Bersselaar, Jeroen"]
[Result "1/2-1/2"]
[WhiteElo "2076"]
[BlackElo "2188"]
[PlyCount "54"]
[EventDate "2019.08.23"]
[EventRounds "9"]
[EventCountry "ENG"]
[SourceTitle "BritBase"]
[Source "John Saunders"]
[SourceDate "2021.08.31"]
[SourceVersion "1"]
[SourceVersionDate "2021.08.31"]
[SourceQuality "1"]

1. d4 d5 2. Bf4 c5 3. c3 Nc6 4. e3 Nf6 5. Nd2 e6 6. Ngf3 cxd4 7. exd4 Nh5 8.
Bg5 f6 9. Be3 Bd6 10. Ne5 g6 11. Nd3 O-O 12. Be2 Ng7 13. O-O Nf5 14. Bf4 e5 15.
dxe5 fxe5 16. Bg3 Nxg3 17. hxg3 e4 18. Ne1 e3 19. fxe3 Bxg3 20. Rxf8+ Qxf8 21.
Nef3 Be6 22. Nf1 Bc7 23. Ng5 Qd6 24. Nxe6 Qxe6 25. Bf3 Rd8 26. Qe2 Ne5 27. Rd1
Bb6 1/2-1/2

[Event "Northumbria Masters"]
[Site "Newcastle upon Tyne, ENG"]
[Date "2019.08.27"]
[Round "9.14"]
[White "Eggleston, Thomas A"]
[Black "Turner, Max N"]
[Result "1/2-1/2"]
[WhiteElo "2170"]
[BlackElo "2012"]
[PlyCount "78"]
[EventDate "2019.08.23"]
[EventRounds "9"]
[EventCountry "ENG"]
[SourceTitle "BritBase"]
[Source "John Saunders"]
[SourceDate "2021.08.31"]
[SourceVersion "1"]
[SourceVersionDate "2021.08.31"]
[SourceQuality "1"]

1. e4 c5 2. Nf3 e6 3. c3 Nf6 4. e5 Nd5 5. d4 cxd4 6. cxd4 d6 7. exd6 Bxd6 8.
Nc3 Nxc3 9. bxc3 Qc7 10. Qc2 Nd7 11. Bd3 h6 12. O-O O-O 13. Bb2 b6 14. Bh7+ Kh8
15. Be4 Bb7 16. Bxb7 Qxb7 17. c4 Rac8 18. Rac1 Be7 19. Qd3 Bf6 20. Nd2 Rfd8 21.
f4 b5 22. cxb5 Qd5 23. Nb3 Nb6 24. Rxc8 Rxc8 25. Rc1 Rc4 26. a4 Rxc1+ 27. Bxc1
Nxa4 28. Ba3 Nb6 29. Bc5 Nc4 30. Nc1 Nb2 31. Qd2 Na4 32. Bxa7 Qxb5 33. Ne2 Qa6
34. Bb8 Nb6 35. Be5 Nd5 36. Bxf6 Nxf6 37. h3 Qc4 38. Nc3 Qc6 39. Qd3 Nd5
1/2-1/2

[Event "Northumbria Masters"]
[Site "Newcastle upon Tyne, ENG"]
[Date "2019.08.27"]
[Round "9.15"]
[White "Kanyamarala, Tarun"]
[Black "Ther, Mate"]
[Result "1-0"]
[WhiteElo "2142"]
[BlackElo "1955"]
[PlyCount "103"]
[EventDate "2019.08.23"]
[EventRounds "9"]
[EventCountry "ENG"]
[SourceTitle "BritBase"]
[Source "John Saunders"]
[SourceDate "2021.08.31"]
[SourceVersion "1"]
[SourceVersionDate "2021.08.31"]
[SourceQuality "1"]

1. Nf3 Nf6 2. c4 c5 3. g3 e6 4. Bg2 Nc6 5. O-O Be7 6. b3 O-O 7. Bb2 d5 8. e3 b6
9. Nc3 Bb7 10. Qe2 Bd6 11. Rfe1 Rc8 12. Rac1 Bb8 13. d3 Qe7 14. Red1 Rfd8 15.
cxd5 exd5 16. d4 Nb4 17. Rd2 Ne4 18. Nxe4 dxe4 19. Ne1 Nxa2 20. Ra1 Nb4 21.
dxc5 Rxd2 22. Qxd2 bxc5 23. Qc3 f6 24. Rd1 Qe6 25. Ba3 Be5 26. Qd2 Bc7 27. Bxb4
Rd8 28. Qxd8+ Bxd8 29. Rxd8+ Kf7 30. Bxc5 Qxb3 31. Bxa7 Ba6 32. Rd6 Bb5 33. Rb6
Qc4 34. Rb7+ Kg6 35. Bd4 Qb4 36. Bf1 Qxe1 37. Rxb5 Qc1 38. Rb2 Qd1 39. Ra2 h5
40. Ra1 Qc2 41. h4 Qb3 42. Bh3 Qc2 43. Ra5 Qd1+ 44. Kh2 Qf3 45. Rf5 Qe2 46. Rf4
Kh6 47. Bg2 Qd2 48. Bxe4 Qe2 49. Kg2 Qa6 50. Rf5 Qe6 51. Bd3 Qb3 52. Be2 1-0

[Event "Northumbria Masters"]
[Site "Newcastle upon Tyne, ENG"]
[Date "2019.08.27"]
[Round "9.16"]
[White "Kanyamarala, Trisha"]
[Black "Gogia, Armaan"]
[Result "1/2-1/2"]
[WhiteElo "2238"]
[BlackElo "1754"]
[PlyCount "45"]
[EventDate "2019.08.23"]
[EventRounds "9"]
[EventCountry "ENG"]
[SourceTitle "BritBase"]
[Source "John Saunders"]
[SourceDate "2021.08.31"]
[SourceVersion "1"]
[SourceVersionDate "2021.08.31"]
[SourceQuality "1"]

1. d4 Nf6 2. c4 g6 3. g3 Bg7 4. Bg2 O-O 5. Nc3 d6 6. Nf3 Nc6 7. O-O e5 8. dxe5
Nxe5 9. Nxe5 dxe5 10. Qb3 c6 11. h3 Qc7 12. Qc2 Bf5 13. e4 Be6 14. Qe2 Rfd8 15.
Be3 Nd7 16. Rad1 Bf8 17. Nb1 Qa5 18. a3 Nb6 19. Nd2 Na4 20. Rb1 Rd7 21. Nf3 f6
22. Qc2 Nb6 23. Bxb6 1/2-1/2

[Event "Northumbria Masters"]
[Site "Newcastle upon Tyne, ENG"]
[Date "2019.08.27"]
[Round "9.17"]
[White "Gayson, Peter M"]
[Black "Milson, Samuel A"]
[Result "1/2-1/2"]
[WhiteElo "2069"]
[BlackElo "2103"]
[PlyCount "23"]
[EventDate "2019.08.23"]
[EventRounds "9"]
[EventCountry "ENG"]
[SourceTitle "BritBase"]
[Source "John Saunders"]
[SourceDate "2021.08.31"]
[SourceVersion "1"]
[SourceVersionDate "2021.08.31"]
[SourceQuality "1"]

1. e4 e6 2. d4 d5 3. Nd2 Be7 4. exd5 exd5 5. Ngf3 Nf6 6. Bd3 O-O 7. h3 c5 8.
dxc5 Bxc5 9. O-O Nc6 10. Nb3 Bb6 11. c3 Ne4 12. Nbd4 1/2-1/2

[Event "Northumbria Masters"]
[Site "Newcastle upon Tyne, ENG"]
[Date "2019.08.27"]
[Round "9.18"]
[White "Hutchinson, Paul A"]
[Black "Balaji, Aaravamudhan"]
[Result "1-0"]
[WhiteElo "2177"]
[BlackElo "2043"]
[PlyCount "117"]
[EventDate "2019.08.23"]
[EventRounds "9"]
[EventCountry "ENG"]
[SourceTitle "BritBase"]
[Source "John Saunders"]
[SourceDate "2021.08.31"]
[SourceVersion "1"]
[SourceVersionDate "2021.08.31"]
[SourceQuality "1"]

1. Nf3 Nf6 2. d4 g6 3. Bf4 Bg7 4. e3 O-O 5. h3 d6 6. Be2 Nbd7 7. O-O c5 8. c3
a6 9. a4 Rb8 10. Na3 Nd5 11. Bh2 Nc7 12. a5 cxd4 13. Nxd4 e5 14. Ndc2 d5 15.
Nb4 Nc5 16. c4 Be6 17. Rc1 dxc4 18. Nxc4 Bxc4 19. Bxc4 Qe7 20. Qc2 N5e6 21.
Bxe6 Nxe6 22. Nd5 Qd7 23. Rfd1 Qb5 24. b4 Rfd8 25. Qc4 Qxc4 26. Rxc4 Kf8 27.
Bg3 f5 28. f3 f4 29. exf4 Nd4 30. fxe5 Ne2+ 31. Kf2 Nxg3 32. Kxg3 Bxe5+ 33. f4
Bg7 34. Kf3 Rbc8 35. Ne3 Bf6 36. Rxd8+ Rxd8 37. Rc7 Rd3 38. Ke2 Rd4 39. Rxb7
Be7 40. b5 axb5 41. a6 Bc5 42. a7 Bxa7 43. Rxa7 Rxf4 44. Rxh7 b4 45. Rb7 g5 46.
Nd5 Rd4 47. Nxb4 g4 48. hxg4 Rxg4 49. Kf3 Rc4 50. g4 Rd4 51. Kg3 Rd1 52. Nc6
Rg1+ 53. Kh4 Kg8 54. Nd4 Rg2 55. Ne6 Rf2 56. Kg5 Rg2 57. Kf5 Kh8 58. g5 Re2 59.
Rb8+ 1-0

[Event "Northumbria Masters"]
[Site "Newcastle upon Tyne, ENG"]
[Date "2019.08.27"]
[Round "9.19"]
[White "Yoon, Jacob D"]
[Black "Holland, Christopher"]
[Result "1-0"]
[WhiteElo "1987"]
[BlackElo "2143"]
[PlyCount "47"]
[EventDate "2019.08.23"]
[EventRounds "9"]
[EventCountry "ENG"]
[SourceTitle "BritBase"]
[Source "John Saunders"]
[SourceDate "2021.08.31"]
[SourceVersion "1"]
[SourceVersionDate "2021.08.31"]
[SourceQuality "1"]

1. e4 e6 2. d4 d5 3. Nd2 Nf6 4. e5 Nfd7 5. Bd3 c5 6. c3 Nc6 7. Ne2 cxd4 8. cxd4
f6 9. exf6 Nxf6 10. O-O Bd6 11. Nf3 Qc7 12. Nc3 a6 13. Bd2 O-O 14. Re1 Bd7 15.
Rc1 Rae8 16. Na4 Kh8 17. Ne5 Re7 18. Nc5 Be8 19. Nxc6 bxc6 20. Nxe6 Rxe6 21.
Rxe6 Bxh2+ 22. Kh1 Bd7 23. Rxf6 Rxf6 24. Qh5 1-0

[Event "Northumbria Masters"]
[Site "Newcastle upon Tyne, ENG"]
[Date "2019.08.27"]
[Round "9.20"]
[White "Mollison, Jamie"]
[Black "Birtwistle, Nigel"]
[Result "1/2-1/2"]
[WhiteElo "1929"]
[BlackElo "2136"]
[PlyCount "63"]
[EventDate "2019.08.23"]
[EventRounds "9"]
[EventCountry "ENG"]
[SourceTitle "BritBase"]
[Source "John Saunders"]
[SourceDate "2021.08.31"]
[SourceVersion "1"]
[SourceVersionDate "2021.08.31"]
[SourceQuality "1"]

1. b3 e5 2. Bb2 Nc6 3. e3 d6 4. c4 g6 5. g3 Bg7 6. Bg2 Nge7 7. a3 Be6 8. d3 O-O
9. Nc3 f5 10. Nge2 Qd7 11. Qc2 d5 12. cxd5 Nxd5 13. Nxd5 Bxd5 14. Bxd5+ Qxd5
15. Qc4 Qxc4 16. bxc4 Rfd8 17. O-O-O Rd7 18. Bc3 Rad8 19. Kc2 a5 20. Rd2 b6 21.
Rhd1 Kf7 22. d4 exd4 23. exd4 Bh6 24. f4 Bf8 25. d5 Nb8 26. a4 Na6 27. Nd4 Nc5
28. Nc6 Nxa4 29. Nxd8+ Rxd8 30. Bd4 Nc5 31. Bxc5 Bxc5 32. Kb3 1/2-1/2

[Event "Northumbria Masters"]
[Site "Newcastle upon Tyne, ENG"]
[Date "2019.08.27"]
[Round "9.21"]
[White "Chipanga, Takaedza"]
[Black "Johnson, Paul A"]
[Result "1-0"]
[WhiteElo "2029"]
[BlackElo "1796"]
[PlyCount "169"]
[EventDate "2019.08.23"]
[EventRounds "9"]
[EventCountry "ENG"]
[SourceTitle "BritBase"]
[Source "John Saunders"]
[SourceDate "2021.08.31"]
[SourceVersion "1"]
[SourceVersionDate "2021.08.31"]
[SourceQuality "1"]

1. d4 d5 2. c4 e6 3. g3 Nf6 4. Bg2 Be7 5. Nf3 O-O 6. O-O c5 7. cxd5 exd5 8. Nc3
Nc6 9. Bg5 Be6 10. Rc1 Ne4 11. Bxe7 Qxe7 12. dxc5 Rfd8 13. Na4 d4 14. Ne1 Bxa2
15. Ra1 Bd5 16. Nd3 Nf6 17. b4 Bxg2 18. Kxg2 Re8 19. Re1 Rad8 20. Qb3 Nd5 21.
Rac1 Ne5 22. b5 Ng4 23. c6 bxc6 24. bxc6 Qe4+ 25. Kg1 Nge3 26. fxe3 Nxe3 27.
Nf4 g5 28. Nc5 Qxc6 29. Qb7 Qxb7 30. Nxb7 Rb8 31. Nh5 Re6 32. h3 f5 33. Nc5 Rc6
34. Nd7 Rbc8 35. Nhf6+ Kg7 36. Rxc6 Rxc6 37. Kf2 g4 38. h4 a5 39. Nh5+ Kh6 40.
Nf4 a4 41. Ne5 Rb6 42. Ng2 Nxg2 43. Kxg2 a3 44. Ra1 Rb2 45. Kf2 a2 46. Nd3 Rc2
47. Ke1 Kg7 48. Kd1 Rc7 49. Rxa2 Re7 50. Ke1 Kf7 51. Ra6 Re6 52. Ra7+ Re7 53.
Ra4 Re4 54. Ra5 Kf6 55. Rd5 Ke6 56. Rd8 Kf6 57. Rd6+ Kg7 58. Kf2 Kf7 59. Nc5
Re5 60. Nb3 Re4 61. Rxd4 Rxd4 62. Nxd4 Kf6 63. e3 Ke5 64. Ke2 Ke4 65. Ne6 h6
66. Ng7 Ke5 67. Kd3 Kf6 68. Ne8+ Ke7 69. Nc7 Kd6 70. Na8 Kd5 71. Nb6+ Kc5 72.
Nd7+ Kd5 73. Nb6+ Ke5 74. Na4 Kd5 75. Nc3+ Ke5 76. Kc4 Ke6 77. Kd4 Kd6 78. Nb5+
Ke6 79. Kc5 Ke5 80. Nc3 Ke6 81. Kc6 Ke5 82. Kd7 Kf6 83. Kd6 Kf7 84. Ke5 Kg6 85.
Ne2 1-0

[Event "Northumbria Masters"]
[Site "Newcastle upon Tyne, ENG"]
[Date "2019.08.27"]
[Round "9.22"]
[White "Metcalfe, Charlie P"]
[Black "Jaufarally, Nadia"]
[Result "0-1"]
[WhiteElo "1739"]
[BlackElo "1934"]
[PlyCount "108"]
[EventDate "2019.08.23"]
[EventRounds "9"]
[EventCountry "ENG"]
[SourceTitle "BritBase"]
[Source "John Saunders"]
[SourceDate "2021.08.31"]
[SourceVersion "1"]
[SourceVersionDate "2021.08.31"]
[SourceQuality "1"]

1. d4 Nf6 2. c4 g6 3. Nc3 Bg7 4. e4 d6 5. Nf3 O-O 6. Be2 e5 7. Be3 Ng4 8. Bg5
f6 9. Bh4 g5 10. Bg3 Nh6 11. c5 Kh8 12. cxd6 cxd6 13. dxe5 dxe5 14. Qxd8 Rxd8
15. O-O Nc6 16. Nd5 Rb8 17. a3 Nf5 18. Rfd1 Be6 19. Nc7 Nxg3 20. hxg3 Bb3 21.
Rxd8+ Rxd8 22. Rc1 Rd7 23. Na6 Bf8 24. Nb8 Nxb8 25. Rc8 Nc6 26. Rxf8+ Kg7 27.
Rc8 Bc2 28. Bc4 Ne7 29. Ra8 a6 30. Bd5 Nxd5 31. exd5 Rxd5 32. Rc8 Ba4 33. Rc7+
Rd7 34. Rxd7+ Bxd7 35. Kf1 Kf7 36. Ke2 Ke6 37. Nd2 Bc6 38. f3 f5 39. Kd3 Bd5
40. Ke3 h5 41. Kd3 b6 42. Ke3 f4+ 43. gxf4 gxf4+ 44. Kd3 Kf5 45. Kc3 Kg5 46.
Kb4 Kh4 47. Nf1 e4 48. Kc3 exf3 49. gxf3 Bxf3 50. Kd4 Bg2 51. Nd2 Kg3 52. a4 h4
53. a5 bxa5 54. b4 axb4 0-1